000 00767ntm a22002177a 4500
005 20170817101900.0
008 170802s2011 xx a frb 000 0 eng d
040 _aEG-ScBUE
_beng
_cEG-ScBUE
082 0 4 _222
_a624
_bAFI
100 1 _aAfi, Wajdi Gomaa.
245 1 0 _aQuality of life in youth development /
_cby Wajdi Gomaa Elafi.
260 _c2011.
300 _aix, 79 p. :
_bill. ;
_c28 cm.
500 _aA dissertation submitted to the faculty of engineering, the British university in Egypt, in partial fulfillment of the requirements for the bachelor degree in architectural engineering.
590 _aAishaa.
650 7 _2BUEsh
_aArchitectural Engineering
_vProjects
653 _bENGARC
_cAugust2017
655 _vSPRO
777 _ASPRO
942 _2ddc
999 _c25296
_d25268